000 00393nam a22001337a 4500
020 _a9787208085329
082 _a170
100 _aSpinoza, Benedictus de
245 _aEthics of intellectual improvement (Chinese Edition) /
_cBenedictus de Spinoza
260 _aShanghai :
_bHorizone Media Co,
_c2009.
300 _a289 p. ;
_c23 cm.
880 _6245-02\r
_a伦理 /
942 _2ddc
_cBK
999 _c591795
_d591795